| 000 | 00629nam a2200253Ia 4500 | ||
|---|---|---|---|
| 003 | OSt | ||
| 005 | 20221005060336.0 | ||
| 006 | a|||||r|||| 00| 0 | ||
| 007 | ta | ||
| 008 | 221004b |||||||| |||| 00| 0 eng d | ||
| 024 | _a52119 | ||
| 037 | _cTextual | ||
| 040 |
_aCRL _cCRL _beng |
||
| 041 |
_2eng _aeng |
||
| 082 | _aR3xM59, N1 | ||
| 100 | _aBell David | ||
| 245 | 0 | _aHusserl | |
| 260 |
_aLondon _bRoutledge _c1991 |
||
| 300 |
_a266p _ccm. |
||
| 490 | _aArguements of the philosophers, 1991 | ||
| 650 | _aPHILOSOPHY | ||
| 942 |
_hR3xM59, N1 _cTEXL _2cc |
||
| 999 |
_c966561 _d966561 |
||